[Event "ESP-ch U16 rapid"]
[Site "Salobrena"]
[Date "2023.07.30"]
[Round "7"]
[White "Leiva Raya, Nicolas"]
[Black "Lozano Casasayas, Marc"]
[Result "0-1"]
[WhiteElo "1618"]
[BlackElo "1825"]
[PlyCount "88"]
[EventDate "2023.07.29"]
[EventType "swiss (rapid)"]
[EventRounds "9"]
[EventCountry "ESP"]
[SourceTitle "EXT 2024"]
[Source "ChessBase"]
[SourceDate "2023.10.10"]
[SourceVersion "1"]
[SourceVersionDate "2023.10.10"]
[SourceQuality "1"]

1. e3 e5 2. d4 exd4 3. exd4 d5 4. Nf3 Nf6 5. Bd3 Bd6 6. Bg5 0-0 7. 0-0 h6 8. Bh4 c6 9. Ne5 Be7 10. h3 Be6 11. Re1 Nbd7 12. f4 Nxe5 13. fxe5 Nd7 14. Bg3 Qb6 15. Bf2 c5 16. Nd2 c4 17. Be2 Bf5 18. Qc1 Rac8 19. Nf3 Qg6 20. Kh2 Be4 21. c3 f6 22. Nh4 Qf7 23. Bf3 fxe5 24. Bxe4 dxe4 25. Bg3 exd4 26. Rxe4 d3 27. Qe3 Bc5 28. Qd2 Nf6 29. Re5 Bd6 30. Re3 Bxg3+ 31. Rxg3 Ne4 32. Qe3 Nxg3 33. Qxg3 Rce8 34. Ng6 Re2 35. Nxf8 Qxf8 36. Re1 Qe7 37. Rf1 Qe5 38. Qxe5 Rxe5 39. Rd1 Re2 40. b3 b5 41. a4 cxb3 42. Rxd3 b2 43. Rd1 bxa4 44. c4 a3 0-1